000 00865nam a2200229 i 4500
001 187205
003 SpMaBN
005 20250722125357.0
008 170505s1988 sp |||| | spa d
020 _a84-505-8019-6
080 _a821.134.2-14"19"
100 1 _aFeria, Luis.
_949296
245 1 0 _aNo menor que el vacío
_b: (poesía 1962-1988) /
_cLuis Feria ; [edición de Jorge Rodríguez Padrón].
260 _aCanarias, [Sta. Cruz de Tenerife] :
_bViceconsejería de Cultura y Deportes, Gobierno de Canarias,
_c1988.
300 _a173 p. ;
_c21 cm.
490 1 _aBiblioteca básica canaria ;
_v39
700 0 _aRodríguez Padrón, Jorge,
_d1943-
_998716
710 1 _aCanarias.
_bViceconsejería de Cultura y Deportes.
_92427
830 0 _aBiblioteca básica canaria ;
_v39
_9177611
852 _aES-MaACL
_jL-31549
999 _c187205
_d187205